| 000 | 00551nam a22001697a 4500 | ||
|---|---|---|---|
| 003 | BD-DhUL | ||
| 005 | 20160830092131.0 | ||
| 008 | 160830b xxu||||| |||| 00| 0 eng d | ||
| 040 | _cBD-DhUL | ||
| 082 |
_a921.9 _bRAB |
||
| 100 | _aআহমদ, রশীদ | ||
| 245 |
_aবাংলাদেশের সুফিসাধক / _cআহমদ, রশীদ |
||
| 260 |
_aঢাকা : _bমডার্ণ, _c১৯৭৪. |
||
| 300 |
_a২১৫ পুৃ. ; _c২০ সেমি. |
||
| 650 |
_aইতিহাস _vHistory |
||
| 942 |
_2ddc _cBK |
||
| 999 |
_c102672 _d102672 |
||